| Tag |
First Indicator |
Second Indicator |
Subfields |
| LEADER |
00000cam a2200000Ia 4500 |
| 001 |
in00002000729 |
| 005 |
20151031123033.0 |
| 008 |
040415s2004 txu s000 0 eng d |
| 035 |
|
|
|a (OCoLC)ocm54962600
|
| 040 |
|
|
|a TLGRL
|c TLGRL
|d OCLCQ
|d IKM
|d TXA
|d UtOrBLW
|
| 043 |
|
|
|a n-us-tx
|
| 049 |
|
|
|a TXAM
|
| 086 |
|
|
|a L1801.7 H816SEF NO.78-15
|2 txdocs
|
| 100 |
1 |
|
|a Jepson, Dana.
|
| 245 |
1 |
0 |
|a Formula adjustments and the school finance system.
|
| 264 |
|
1 |
|a Austin, Tex. :
|b House Research Organization, Texas House of Representatives,
|c [2004]
|
| 300 |
|
|
|a 12 pages ;
|c 28 cm.
|
| 336 |
|
|
|a text
|b txt
|2 rdacontent
|
| 337 |
|
|
|a unmediated
|b n
|2 rdamedia
|
| 338 |
|
|
|a volume
|b nc
|2 rdacarrier
|
| 490 |
1 |
|
|a Focus report ;
|v no. 78-15
|
| 500 |
|
|
|a Caption title.
|
| 500 |
|
|
|a "By Dana Jepson"--P. 11.
|
| 500 |
|
|
|a "March 31, 2004."
|
| 650 |
|
0 |
|a Education
|z Texas
|x Finance.
|
| 650 |
|
0 |
|a Educational law and legislation
|z Texas.
|
| 710 |
1 |
|
|a Texas.
|b Legislature.
|b House of Representatives.
|b Research Organization.
|
| 830 |
|
0 |
|a Focus (Texas. Legislature. House of Representatives. Research Organization) ;
|v no. 78-15.
|
| 856 |
4 |
|
|u http://www.capitol.state.tx.us/hrofr/focus/weights78-15.pdf
|t 0
|
| 994 |
|
|
|a C0
|b TXA
|
| 948 |
|
|
|a cataloged
|b h
|c 2004/10/13
|e avega
|f 1:46:17 pm
|
| 999 |
|
|
|a MARS
|
| 999 |
f |
f |
|s 1b5431d9-e4af-3281-bb68-a3ff9882275d
|i e65ffb4b-67dc-3e19-9ef9-739476cbb8fd
|t 0
|
| 952 |
f |
f |
|p serial
|a Texas A&M University
|b College Station
|c Sterling C. Evans Library
|d Evans: Texas Documents (Annex 5th floor)
|t 0
|e L1801.7 H816SEF NO.78-15
|h Superintendent of Documents classification
|i unmediated -- volume
|k no.78-15
|l 2004:Mar.
|m A14832119476
|
| 952 |
f |
f |
|a Texas A&M University
|b College Station
|c Electronic Resources
|d Available Online
|t 0
|e L1801.7 H816SEF NO.78-15
|h Superintendent of Documents classification
|
| 998 |
f |
f |
|a L1801.7 H816SEF NO.78-15
|t 0
|l Evans: Texas Documents (Annex 5th floor)
|
| 998 |
f |
f |
|a L1801.7 H816SEF NO.78-15
|t 0
|l Available Online
|